Historia de la pena de muerte /

Contiene: Obra que ensaya cuatro planteamientos acerca de la pena capital: los argumentos que se han esgrimido a favor y en contra de su vigencia, su desarrollo histórico desde la antigüedad hasta el presente, las diversas formas de ejecución que se han utilizado, y las expresiones de esta pena en l...

Olles dieđut

Furkejuvvon:
Bibliográfalaš dieđut
Váldodahkki: Corral, José Luis (autor)
Materiálatiipa: Girji
Giella:espánnjágiella
Almmustuhtton: Madrid, España : Aguilar, 2005, c2005
Fáttát:
Fáddágilkorat: Lasit fáddágilkoriid
Eai fáddágilkorat, Lasit vuosttaš fáddágilkora!

MARC

LEADER 00000nam^a2200000^a^4500
001 000181246
005 20250521000000.0
009 20260310101925.925
020 |a 84-03-09603-8 
037 |a Acervo ITESO - Biblioteca 
041 |a ESP 
082 |a 364. 66  |b COR 
100 |a Corral, José Luis  |e (autor) 
245 1 0 |a Historia de la pena de muerte /  |c J.L. Corral. 
264 4 |a Madrid, España :  |b Aguilar,  |c 2005, c2005 
300 |a 250 p. 
336 |a texto  |b txt  |2 rdacontenido 
337 |a sin mediación  |b n  |2 rdamedio 
338 |a volumen  |b nc  |2 rdasoporte 
520 |a Contiene: Obra que ensaya cuatro planteamientos acerca de la pena capital: los argumentos que se han esgrimido a favor y en contra de su vigencia, su desarrollo histórico desde la antigüedad hasta el presente, las diversas formas de ejecución que se han utilizado, y las expresiones de esta pena en la literatura y en el arte. 
649 |a XX 
650 |a Pena de Muerte -  |x Historia 
650 |a Pena de Muerte en la Literatura 
650 |a Pena de Muerte en el Arte 
650 |a Pena (Derecho) -  |x Historia 
650 |a Ejecuciones (Derecho) -  |x Historia 
650 |a Derecho Penal 
650 |a Derecho Público 
650 |a Criminología 
910 |a Fondo General 
920 |a Impresos - Libros 
930 |a Colección General 
905 |a 101 
901 |a 0500120769  |b IT1  |c ACC  |u 20250521 
902 |a https://opac.biblio.iteso.mx/vufind/Record/000181246